Famous Jacks - Statistics

General Stats
  • This quiz has been taken 29 times
  • The average score is 11 of 25
Answer Stats
Hint Answer % Correct
American actor and comedian who starred as Po in the Kung Fu Panda movies, and is the lead vocalist of Tenacious D Jack Black
89%
Hong Kong actor who starred in the Rush Hour film franchise Jackie Chan
82%
This American actor holds the record for having the most Oscar nominations in history Jack Nicholson
75%
Author of "White Fang" and "The Call of the Wild" Jack London
71%
Retired American golfer often nicknamed 'The Golden Bear' Jack Nicklaus
71%
This American nightclub owner shot dead Lee Harvey Oswald Jack Ruby
71%
Thanks to modern DNA evidence, the true identity of this notorious serial killer is believed to be the Polish barber Aaron Kosminski Jack the Ripper
64%
Alongside his ex-wife Meg, this man was part of the musical duo whose hits include 'Seven Nation Army' and 'Icky Thump' Jack White
64%
The first African American to play in Major League Baseball in the United States Jackie Robinson
61%
This writer of "On The Road" is widely recognised as one of the leading pioneers of the Beat Generation Jack Kerouac
54%
French oceanographer often credited with co-inventing the first SCUBA diving apparatus Jacques Cousteau
54%
President of France from 1995 to 2007 Jacques Chirac
50%
Alongside his brother Bobby, this professional centre-back footballer was part of England's victorious 1966 World Cup squad Jack Charlton
43%
Legendary American actor who won the 1973 Best Actor Oscar for his starring role in Save the Tiger Jack Lemmon
39%
This British politician served as Foreign Secretary during both the NATO invasion of Afghanistan and the Iraq War Jack Straw
25%
Deadpan English comedian who hosted Live at the Apollo between 2004 and 2006 Jack Dee
21%
From 2007 to 2008, and 2015 to 2021, this tech bro was the CEO of Twitter Jack Dorsey
21%
Among this Belgian singer's most famous songs was the 1953 hit "Il Y A" Jacques Brel
21%
English actor and comedian who starred in Fresh Meat and Bad Education Jack Whitehall
18%
Irish actor best known for starring as the cruel Joffrey Baratheon in Game of Thrones Jack Gleeson
11%
French politician whose tenure as the eighth President of the European Commission saw the creation of the single market Jacques Delors
11%
"What cannot be said above all must not be silenced but written", said this French-Algerian philosopher Jacques Derrida
11%
English actor who starred as James Norrington in the Pirates of the Caribbean movie franchise Jack Davenport
7%
English actor whose film credits include Philip Wayne in The Seekers, Major Warden in The Bridge on the River Kwai and Otto Witt in Zulu Jack Hawkins
7%
This American actor was the first person to play CIA agent Felix Leiter in the James Bond movies Jack Lord
7%
No matching quizzes found
Score Distribution
Percent of People with Each Score
Percentile by Number Answered
Your Score History
You have not taken this quiz